| 000 | 00994nam a2200313 i 4500 | ||
|---|---|---|---|
| 003 | EG-GICUC | ||
| 005 | 20260203135232.0 | ||
| 008 | 260203s1917 uk |||fr||||| 000 0enga d | ||
| 040 |
_aEG-GiCUC _beng _cEG-GiCUC _dEG-GiCUC _eRda |
||
| 082 | 0 | 4 |
_221 _a341 _bHA . T |
| 092 | 0 | 4 | _221 |
| 099 | _aLaw1 11 341 HA . T 1917 | ||
| 100 | 1 |
_aHall, William Edward _eAuthor. |
|
| 245 | 1 | 2 |
_aA Treatise on International Law / _n _cWilliam Edward Hall ; Pearce Higgins. _b |
| 250 | _aSeventh Edition | ||
| 264 | 3 |
_aOxford : _bAt the Clarendon Press, _c1917. |
|
| 300 |
_a864page : _billustration ; _c 24 cm. |
||
| 336 |
_2rda contenu _a texte |
||
| 337 |
_2rda medias _aOrdinateur |
||
| 338 |
_2 transporteur rda _a Ressource en ligne |
||
| 504 | _a | ||
| 546 | _aText in English | ||
| 650 | 1 | 4 |
_aPublic international law _2 |
| 651 | 1 | _2 | |
| 700 | 1 |
_aHiggins, Pearce _eeditor. |
|
| 856 | 4 | 0 | _uhttps://fll.law.cu.edu.eg/fulltext/bks/B11-05346.pdf |
| 905 | _a50 | ||
| 942 |
_2ddc _cBK _e21 _n0 |
||
| 999 |
_c60583 _d60583 |
||